Регионите в Италия - Statistics

General Stats
  • This quiz has been taken 124 times
  • The average score is 8 of 20
Answers on the Map
Answers color-coded by a green-red scale on the quiz's map according to % correct below.
 
Answer Stats
Region % Correct
Сицилия
90%
Сардиния
69%
Лацио
63%
Тоскана
63%
Калабрия
47%
Венето
43%
Кампания
41%
Ломбардия
41%
Пулия
39%
Лигурия
39%
Пиемонт
37%
Марке
31%
Базиликата
29%
Умбрия
29%
Емилия Романя
27%
Абруцо
25%
Вале д'Аоста
24%
Молизе
22%
Трентино Алто Адидже
18%
Фриули Венеция Джулия
16%
No matching quizzes found
Score Distribution
Percent of People with Each Score
Percentile by Number Answered
Your Score History
You have not taken this quiz